[Event "XVII MetLife Najdorf Open 2017"]
[Site "Warsaw"]
[Date "2017.07.16"]
[Round "8"]
[White "Kujawski, Adam"]
[Black "Khalafova, Narmin"]
[Result "0-1"]
[WhiteElo "2300"]
[BlackElo "2224"]
[Annotator "ChessBase"]
[PlyCount "86"]
[EventDate "2017.??.??"]
[EventType "swiss"]
[EventCountry "POL"]
[SourceTitle "playchess.com"]
[Source "ChessBase"]
[SourceQuality "1"]
[TimeControl "40/5400+30:1800+30"]

1. e4 {[%emt 0:00:00]} c5 {[%emt 0:04:06]} 2. Nf3 {[%emt 0:00:00]} d6 {[%emt 0:00:13]} 3. d4 {[%emt 0:00:00]} cxd4 {[%emt 0:00:12]} 4. Nxd4 {[%emt 0:00:00]} Nf6 {[%emt 0:00:04]} 5. Nc3 {[%emt 0:00:08]} a6 {[%emt 0:00:04]} 6. Bc4 {[%emt 0:00:13]} e6 {[%emt 0:00:31]} 7. Bb3 {[%emt 0:00:44]} Nbd7 {[%emt 0:00:36]} 8. f4 {[%emt 0:00:23]} Nc5 {[%emt 0:00:50]} 9. f5 {[%emt 0:00:24]} Be7 {[%emt 0:03:51]} 10. Qf3 {[%emt 0:10:14]} O-O {[%emt 0:19:16]} 11. O-O {[%emt 0:04:06]} Bd7 {[%emt 0:04:06]} 12. g4 {[%emt 0:07:50]} e5 {[%emt 0:03:48]} 13. Nde2 {[%emt 0:03:44]} Bc6 {[%emt 0:06:07]} 14. Bd5 {[%emt 0:04:19]} Ncxe4 {[%emt 0:09:43]} 15. Bxc6 {[%emt 0:19:18]} Nxc3 {[%emt 0:03:26]} 16. Nxc3 {[%emt 0:03:41]} Qb6+ {[%emt 0:01:40]} 17. Kg2 {[%emt 0:10:36]} Qxc6 {[%emt 0:08:19]} 18. g5 {[%emt 0:00:13]} Nd7 {[%emt 0:01:46]} 19. Nd5 {[%emt 0:01:47]} Bd8 {[%emt 0:00:00]} 20. Be3 {[%emt 0:03:30]} Qxc2+ {[%emt 0:05:29]} 21. Rf2 {[%emt 0:00:41]} Qc4 {[%emt 0:00:48]} 22. Rc1 {[%emt 0:04:36]} Qh4 {[%emt 0:02:41]} 23. Kh1 {[%emt 0:02:38]} f6 {[%emt 0:12:31]} 24. Nc7 {[%emt 0:11:56]} Bxc7 {[%emt 0:05:59]} 25. Qd5+ {[%emt 0:01:10]} Kh8 {[%emt 0:00:41]} 26. Rc4 {[%emt 0:06:43]} Qh5 {[%emt 0:03:07]} 27. Rxc7 {[%emt 0:00:14]} Rad8 {[%emt 0:00:52]} 28. g6 {[%emt 0:03:33]} hxg6 {[%emt 0:01:08]} 29. Qe6 {[%emt 0:00:57]} Nc5 {[%emt 0:01:26]} 30. Qe7 {[%emt 0:00:21]} Rg8 {[%emt 0:01:08]} 31. Qf7 {[%emt 0:00:53]} Qd1+ {[%emt 0:00:45]} 32. Kg2 {[%emt 0:00:02]} Qg4+ {[%emt 0:00:11]} 33. Kh1 {[%emt 0:00:13]} Qe4+ {[%emt 0:00:46]} 34. Rg2 {[%emt 0:00:34]} Qxe3 {[%emt 0:00:18]} 35. Rg3 {[%emt 0:01:11]} Qe1+ {[%emt 0:00:27]} 36. Kg2 {[%emt 0:00:02]} Qe2+ {[%emt 0:00:32]} 37. Kg1 {[%emt 0:00:59]} Qe1+ {[%emt 0:00:01]} 38. Kg2 {[%emt 0:00:05]} Qe2+ {[%emt 0:00:17]} 39. Kg1 {[%emt 0:00:01]} Qh5 {[%emt 0:00:55]} 40. fxg6 {[%emt 0:00:00]} Ne4 {[%emt 0:01:14]} 41. Rcc3 {[%emt 0:06:47]} Qd1+ {[%emt 0:03:53]} 42. Kg2 {[%emt 0:00:05]} Qe2+ {[%emt 0:00:05]} 43. Kh1 {[%emt 0:00:34]} Qf1+ {[%emt 0:00:09]} 0-1

[Event "XVII MetLife Najdorf Open 2017"]
[Site "Warsaw"]
[Date "2017.07.16"]
[Round "8"]
[White "Kucza, Karol"]
[Black "Adamski, Jan"]
[Result "1/2-1/2"]
[WhiteElo "2297"]
[BlackElo "2250"]
[Annotator "NA"]
[PlyCount "34"]
[EventDate "2017.??.??"]
[EventType "swiss"]
[EventCountry "POL"]
[SourceTitle "playchess.com"]
[Source "ChessBase"]
[SourceQuality "1"]
[TimeControl "40/5400+30:1800+30"]

1. e4 c5 2. Nf3 a6 3. c3 d5 4. exd5 Qxd5 5. d4 Nf6 6. Be2 e6 7. O-O cxd4 8. cxd4 Nc6 9. Nc3 Qd6 10. Bg5 Be7 11. Qd2 O-O 12. Rad1 b5 13. Bf4 Qd8 14. Ne5 Bb7 15. Bf3 Rc8 16. Rfe1 Re8 17. h3 Qb6 1/2-1/2

[Event "XVII MetLife Najdorf Open 2017"]
[Site "Warsaw"]
[Date "2017.07.16"]
[Round "8"]
[White "Miroshnichenko, Pavel"]
[Black "Skawinski, Arkadiusz"]
[Result "0-1"]
[WhiteElo "2294"]
[BlackElo "2386"]
[Annotator "NA"]
[PlyCount "118"]
[EventDate "2017.??.??"]
[EventType "swiss"]
[EventCountry "POL"]
[SourceTitle "playchess.com"]
[Source "ChessBase"]
[SourceQuality "1"]
[TimeControl "40/5400+30:1800+30"]

1. e4 {[%emt 0:02:35]} e5 {[%emt 0:00:05]} 2. Nf3 {[%emt 0:00:06]} Nc6 {[%emt 0:00:02]} 3. Bc4 {[%emt 0:00:06]} Nf6 {[%emt 0:00:05]} 4. d3 {[%emt 0:00:03]} Bc5 {[%emt 0:00:04]} 5. O-O {[%emt 0:00:05]} d6 {[%emt 0:00:05]} 6. c3 {[%emt 0:01:03]} a6 {[%emt 0:01:55]} 7. Re1 {[%emt 0:00:50]} Ba7 {[%emt 0:00:13]} 8. Bb3 {[%emt 0:02:20]} h6 {[%emt 0:00:06] C54: Giuoco Piano: 4 c3 Nf6, main lines with 5 d4 and 5 d3} 9. h3 {[%emt 0:00:20]} (9. Nbd2 O-O 10. Nf1 Re8 11. Ng3 Be6 12. Bxe6 Rxe6 13. d4 d5 14. Nxe5 Nxe5 15. dxe5 Nxe4 16. Nxe4 dxe4 17. Qh5 g6 18. Qxh6 Rxe5 {½-½ (36) Kramnik,V (2808)-So,W (2812) Leuven 2017}) 9... g5 {[%emt 0:00:19]} 10. Nh2 {[%emt 0:12:42]} Rg8 {[%emt 0:04:59]} 11. Be3 {[%emt 0:01:34]} g4 {[%emt 0:05:51]} 12. hxg4 {[%emt 0:00:16]} Nxg4 {[%emt 0:01:46]} 13. Qf3 {[%emt 0:00:44]} Rg7 $146 {[%emt 0:06:50]} ({Predecessor:} 13... Qe7 14. Bxa7 Nxh2 15. Kxh2 Nxa7 {0-1 (31) Drljevic,L (2116)-Karlovich,A (2273) Balatonlelle 2000}) 14. Bxa7 {[%emt 0:07:20]} Rxa7 {[%emt 0:00:04]} 15. Nd2 {[%emt 0:05:10]} Nxh2 {[%emt 0:03:14]} 16. Kxh2 {[%emt 0:00:02]} Qh4+ {[%emt 0:00:06]} 17. Kg1 {[%emt 0:00:07]} Bg4 {[%emt 0:11:20]} 18. Qe3 {[%emt 0:09:27]} Bh3 {[%emt 0:04:20]} 19. g3 {[%emt 0:00:06]} Ra8 {[%emt 0:00:19]} 20. Qf3 {[%emt 0:08:52]} Qg5 {[%emt 0:07:29]} 21. Re3 {[%emt 0:07:19]} h5 {[%emt 0:06:24]} 22. Qh1 {[%emt 0:01:28]} Bg4 {[%emt 0:01:14]} 23. Nf3 {[%emt 0:00:16]} Qh6 {[%emt 0:01:24]} 24. Qh4 {[%emt 0:02:51]} Kd7 {[%emt 0:04:27]} 25. Nh2 {[%emt 0:09:05]} Rf8 {[%emt 0:21:57]} 26. Nxg4 {[%emt 0:03:25]} Rxg4 {[%emt 0:00:06]} 27. Qh3 {[%emt 0:00:07]} Kd8 {[%emt 0:00:04]} 28. Kg2 {[%emt 0:00:52]} Ne7 {[%emt 0:07:01]} 29. Rh1 {[%emt 0:00:48]} Rg5 {[%emt 0:00:10]} 30. Rf3 {[%emt 0:03:08]} Qg7 {[%emt 0:02:02]} 31. Qh4 {[%emt 0:01:31]} f6 {[%emt 0:02:55]} 32. Qh3 {[%emt 0:00:56]} f5 {[%emt 0:04:09]} 33. exf5 {[%emt 0:03:03]} Rfxf5 {[%emt 0:01:24]} 34. Bd1 {[%emt 0:04:53]} Qf7 {[%emt 0:01:47]} 35. Qh4 {[%emt 0:01:04]} Qf6 {[%emt 0:03:05]} 36. Qe4 {[%emt 0:02:26]} c6 {[%emt 0:00:23]} 37. Rxf5 {[%emt 0:04:16]} Rxf5 {[%emt 0:00:05]} 38. Qe2 {[%emt 0:00:07]} Qg6 {[%emt 0:00:06]} 39. d4 {[%emt 0:01:21]} Nd5 {[%emt 0:00:26]} 40. Kg1 {[%emt 0:00:00]} Nf4 {[%emt 0:01:28]} 41. Qe3 {[%emt 0:08:40]} exd4 {[%emt 0:06:27]} 42. cxd4 {[%emt 0:05:47]} Nd5 {[%emt 0:04:49]} 43. Qe1 {[%emt 0:02:03]} Qf7 {[%emt 0:02:43]} 44. Rh4 {[%emt 0:03:32]} Nf6 {[%emt 0:00:30]} 45. Bc2 {[%emt 0:00:45]} Rb5 {[%emt 0:00:52]} 46. Rf4 {[%emt 0:04:01]} Qe7 {[%emt 0:03:58]} 47. Qc1 {[%emt 0:03:22]} Kc7 {[%emt 0:01:00]} 48. Rf3 {[%emt 0:02:25]} Ng4 {[%emt 0:00:36]} 49. Bd3 {[%emt 0:01:17]} Rg5 {[%emt 0:00:24]} 50. Bc4 {[%emt 0:01:20]} Rg7 {[%emt 0:01:56]} 51. Qc3 {[%emt 0:01:32]} h4 {[%emt 0:02:00]} 52. Qa5+ $1 {[%emt 0:01:31]} Kb8 {[%emt 0:00:06]} 53. Qh5 $2 {[%emt 0:02:20]} (53. Bxa6 $1 $11 {and White is okay.} hxg3 54. fxg3) 53... hxg3 {[%emt 0:02:12]} 54. fxg3 {[%emt 0:00:13]} Ka7 {[%emt 0:00:13]} 55. Bf1 {[%emt 0:01:07]} Qe4 {[%emt 0:00:30]} 56. Rf4 {[%emt 0:03:09]} Qe3+ {[%emt 0:00:14]} 57. Kg2 {[%emt 0:00:04] [#]} Ne5 $1 {[%emt 0:01:24]} 58. Qh2 $19 {[%emt 0:02:31]} Qxf4 {[%emt 0:00:18]} 59. dxe5 {[%emt 0:00:04]} Qd2+ {[%emt 0:01:07]} 0-1

[Event "XVII MetLife Najdorf Open 2017"]
[Site "Warsaw"]
[Date "2017.07.16"]
[Round "8"]
[White "Karpus, Michal"]
[Black "Percivaldi, Martin"]
[Result "1-0"]
[WhiteElo "2291"]
[BlackElo "2433"]
[Annotator "TA"]
[PlyCount "77"]
[EventDate "2017.??.??"]
[EventType "swiss"]
[EventCountry "POL"]
[SourceTitle "playchess.com"]
[Source "ChessBase"]
[SourceQuality "1"]

{[%evp 12,77,25,25,44,35,81,56,64,63,107,77,79,68,68,42,67,59,68,56,116,45,64,77,99,77,112,75,73,67,105,54,57,54,114,97,164,131,108,32,113,106,134,161,277,270,268,255,321,330,350,338,368,342,597,596,566,587,578,560,577,554,29984,29985,29985,29986,29994,29995]} 1. e4 e6 2. d4 d5 3. Nd2 Nc6 4. Ngf3 Nf6 5. e5 Nd7 6. c4 dxc4 {C04: French Tarrasch: 3...Nc6} (6... Be7 7. Bd3 Nb4 8. Bb1 dxc4 9. Nxc4 Nb6 10. Ncd2 Bd7 11. a3 N4d5 12. O-O Ba4 13. Bc2 Qd7 14. Ne4 Bxc2 15. Qxc2 {½-½ (49) Jobava,B (2706)-Kuzubov,Y (2615) Plovdiv 2012}) 7. Nxc4 {LiveBook: 59 Games} Nb6 8. a3 Be7 {White is slightly better.} 9. Bd3 Nxc4 10. Bxc4 O-O 11. O-O b6 12. Be3 $146 ({Find the theoretical novelty and annotate with similar games:} 12. b4 Bb7 13. Be3 a5 14. b5 {1-0 (39) Mueller,R (2357)-Renner,C (2450) Landau 2002}) 12... Bb7 13. Rc1 Na5 14. Bd3 Bd5 15. Rc3 (15. b4 $5 {[%cal Rb4a5]} Nc6 16. Rc3 $14) 15... c6 (15... c5 $14) 16. Nd2 (16. b4 $16 Nb7 17. Qc2) 16... g6 17. Qc2 b5 18. b4 Nb7 19. Be4 a5 20. Bxd5 exd5 21. Rb1 (21. Rxc6 $16 {Hoping for Rc7.} axb4 22. axb4) 21... axb4 $14 22. axb4 Ra4 (22... Qd7 $14) 23. Rxc6 $16 {[#] aiming for Rc7.} Bxb4 (23... Rxb4 $16 24. Ra6 Rxb1+ 25. Qxb1 Qd7) 24. Nf3 $36 {[%mdl 2048] White has strong initiative.} Na5 25. Bg5 (25. Ra6 $16) 25... Qb8 ({Black should try} 25... Qa8 $1 $14 26. Rc7 Nc4) 26. Ra6 Rc8 27. Qd1 Qb7 {[#]} (27... Qc7 $142 28. h3 Rb8) 28. Rxa5 $1 $18 {[%mdl 512]} Rxa5 29. Rxb4 Rc4 30. Rb1 b4 31. h3 Ra2 32. Qb3 Qa8 $2 (32... Ra7 {was worth a try.} 33. Nd2 Rc3) 33. e6 fxe6 34. Qe3 Qc8 35. Ne5 {[%cal Bf3e5,Be5g4,Bg4f6][%mdl 32]} Rcc2 36. Ng4 {Intending Nh6+ and mate.} Re2 37. Qf4 {White mates.} Qf8 38. Nf6+ Kh8 39. Qc7 {Precision: White = 63%, Black = 32%.} 1-0

[Event "XVII MetLife Najdorf Open 2017"]
[Site "Warsaw"]
[Date "2017.07.16"]
[Round "8"]
[White "Sieber, Fiona"]
[Black "Aditya Mittal"]
[Result "1/2-1/2"]
[WhiteElo "2287"]
[BlackElo "2203"]
[Annotator "NA"]
[PlyCount "74"]
[EventDate "2017.??.??"]
[EventType "swiss"]
[EventCountry "POL"]
[SourceTitle "playchess.com"]
[Source "ChessBase"]
[SourceQuality "1"]
[TimeControl "40/5400+30:1800+30"]

1. e4 {[%emt 0:00:00]} c5 {[%emt 0:00:19]} 2. Nf3 {[%emt 0:00:00]} d6 {[%emt 0:00:19]} 3. d4 {[%emt 0:00:00]} cxd4 {[%emt 0:00:11]} 4. Nxd4 {[%emt 0:00:00]} Nf6 {[%emt 0:00:07]} 5. Nc3 {[%emt 0:00:00]} a6 {[%emt 0:00:23]} 6. Be3 {[%emt 0:00:00]} e5 {[%emt 0:01:44]} 7. Nb3 {[%emt 0:00:36]} Be7 {[%emt 0:00:32]} 8. f3 {[%emt 0:00:05]} O-O {[%emt 0:01:59]} 9. Qd2 {[%emt 0:00:45]} Be6 {[%emt 0:01:01]} 10. O-O-O {[%emt 0:00:14]} Nbd7 {[%emt 0:01:00]} 11. g4 {[%emt 0:00:14]} b5 {[%emt 0:01:12]} 12. g5 {[%emt 0:00:07]} b4 {[%emt 0:02:52]} 13. Ne2 {[%emt 0:00:17]} Ne8 {[%emt 0:00:51]} 14. f4 {[%emt 0:00:11]} a5 {[%emt 0:02:00]} 15. f5 {[%emt 0:00:13]} a4 {[%emt 0:01:38]} 16. Nbd4 {[%emt 0:00:14]} exd4 {[%emt 0:01:09]} 17. Nxd4 {[%emt 0:00:07]} b3 {[%emt 0:01:22]} 18. Kb1 {[%emt 0:00:13]} bxc2+ {[%emt 0:00:14]} 19. Nxc2 {[%emt 0:00:17]} Bb3 {[%emt 0:01:08]} 20. axb3 {[%emt 0:00:06]} axb3 {[%emt 0:00:07]} 21. Na3 {[%emt 0:00:05]} Ne5 {[%emt 0:00:35]} 22. h4 {[%emt 0:08:19]} Ra5 {[%emt 0:13:46]} 23. Rh3 {[%emt 0:18:25]} Qa8 {[%emt 0:08:59]} 24. Qg2 {[%emt 0:14:09]} d5 {[%emt 0:13:51]} 25. Rxd5 {[%emt 0:08:21]} Nc7 {[%emt 0:18:36]} 26. Rxa5 {[%emt 0:05:25]} Qxa5 {[%emt 0:00:02]} 27. Bd2 {[%emt 0:09:32]} Rd8 {[%emt 0:05:21]} 28. Bc1 {[%emt 0:11:06]} Rb8 {[%emt 0:10:36]} 29. f6 {[%emt 0:04:39]} Bxa3 {[%emt 0:02:33]} 30. bxa3 {[%emt 0:00:06]} Nb5 {[%emt 0:01:38]} 31. Bxb5 {[%emt 0:00:22]} Qxb5 {[%emt 0:00:12]} 32. Bb2 {[%emt 0:09:47]} Nc4 {[%emt 0:01:36]} 33. Rc3 {[%emt 0:02:54]} Rd8 {[%emt 0:01:27]} 34. h5 {[%emt 0:04:06]} Rd1+ {[%emt 0:04:06]} 35. Rc1 {[%emt 0:00:12]} Nxa3+ {[%emt 0:00:20]} 36. Bxa3 {[%emt 0:02:23]} Qd3+ {[%emt 0:00:06]} 37. Ka1 {[%emt 0:01:19]} Qc3+ {[%emt 0:00:45]} 1/2-1/2

[Event "XVII MetLife Najdorf Open 2017"]
[Site "Warsaw"]
[Date "2017.07.16"]
[Round "8"]
[White "Rakesh Kumar Jena"]
[Black "Gusain, Himal"]
[Result "1/2-1/2"]
[WhiteElo "2283"]
[BlackElo "2461"]
[Annotator "TA"]
[PlyCount "106"]
[EventDate "2017.??.??"]
[EventType "swiss"]
[EventCountry "POL"]
[SourceTitle "playchess.com"]
[Source "ChessBase"]
[SourceQuality "1"]

{[%evp 17,106,26,46,7,18,-129,-136,-162,-159,-143,-131,-141,-124,-270,-204,-314,-267,-357,-202,-264,-141,-125,-157,-143,-156,-157,-147,-125,-126,-148,-137,-151,-151,-173,-177,-172,-173,-166,-35,-54,-54,-64,-28,-31,-41,-48,0,0,14,0,0,0,56,53,56,56,54,50,24,0,0,0,0,0,0,0,0,0,0,0,0,0,0,0,0,-12,0,0,0,0,0,0,0,0,0,-8,47,-8,-8,-12,-12]} 1. e4 c5 2. Nf3 e6 3. g3 Nc6 4. Bg2 Nf6 5. Nc3 a6 6. O-O Qc7 7. Re1 d6 8. d4 cxd4 9. Nxd4 Bd7 10. Bg5 {B80: Sicilian Scheveningen: 6 g3 and 6 Be3, including English Attack} (10. Nxc6 bxc6 11. e5 dxe5 12. Qe2 Bd6 13. b3 Nd5 14. Bb2 O-O 15. Na4 Rab8 16. c4 Nb6 17. c5 Nxa4 18. cxd6 Qb6 19. Bxe5 {½-½ (41) Safarli,E (2668)-Gelashvili,T (2563) Minsk 2017}) 10... Be7 {[%cal Bf8e7,Be7f6,Bf6e5][%mdl 32]} 11. Nf5 (11. Nxc6 $11 {remains equal.} bxc6 12. b3) 11... exf5 $17 12. Bxf6 {Black is clearly better.} Bxf6 13. Nd5 Qd8 {Threatens to win with ...0-0.} 14. exf5+ Kf8 15. g4 (15. Nb6 $17 Qxb6 16. Qxd6+ Kg8 17. Qxd7) 15... g5 16. c4 (16. Qf3 $142) 16... Be5 (16... Bxb2 17. Rb1 $19) 17. h4 h6 ({Less strong is} 17... Bxb2 18. Rb1 $17) (17... gxh4 $142 18. Kh1 h3) 18. Qd2 $146 Ne7 (18... gxh4 $19 19. f4 Bd4+ 20. Kh1 h5) 19. Rxe5 dxe5 20. Qb4 a5 21. Qa3 Bc6 {[%cal Rc6d5]} 22. f6 Bxd5 23. Rd1 {[%cal Rd1d5] [#]} Ke8 $1 ({Resist} 23... gxh4 24. Rxd5 Qc7 25. fxe7+ Qxe7 26. Qxe7+ Kxe7 27. Rxe5+ Kf8 28. Kh2 $17) 24. fxe7 Qxe7 25. Rxd5 Qxa3 ({But not} 25... gxh4 26. Qxe7+ Kxe7 27. Rxe5+ Kf6 28. Rf5+ Kg7 29. Rb5 $17) 26. bxa3 {[%mdl 4096] Endgame [#] KRR-KRB} f6 $1 27. Rb5 Rh7 (27... gxh4 $19 {And now ...Rg8 would win.} 28. Rxb7 h5 29. Bc6+ Kf8 30. gxh5 Rxh5) 28. hxg5 hxg5 29. Bxb7 Ra7 30. Bd5 Rh4 31. f3 Rah7 32. Kf2 Rh1 33. Ke3 Re1+ 34. Kd3 Rh2 (34... Ra7 $11) 35. Rxa5 $14 Rxa2 36. Kc3 $1 Rb1 37. Be4 $1 {[%cal Re4b1][%mdl 1024] White has compensation.} Rd1 38. Ra7 Kd8 39. a4 Rd7 40. Ra8+ Ke7 41. Bd5 Rd8 {Hoping for ...Rxa8.} 42. Ra6 Rd6 43. Ra5 f5 44. gxf5 Kf6 45. Ra8 Kxf5 46. a5 g4 47. fxg4+ Kxg4 48. Bb7 Kf4 49. a6 e4 50. a7 Rf6 51. Bxe4 {Strongly threatening Bd5.} Rf7 (51... Rfa6 $11 52. Kd4 Rxa7 53. Rxa7 Rxa7) 52. Bd5 ({White should try} 52. Bb7 $1 $14) 52... Rfxa7 $11 53. Re8 R7a5 {Precision: White = 46%, Black = 50%.} 1/2-1/2

[Event "XVII MetLife Najdorf Open 2017"]
[Site "Warsaw"]
[Date "2017.07.16"]
[Round "8"]
[White "AlHuwar, Jasem"]
[Black "Baltic, Fatih"]
[Result "1-0"]
[WhiteElo "2275"]
[BlackElo "2210"]
[Annotator "NA"]
[PlyCount "69"]
[EventDate "2017.??.??"]
[EventType "swiss"]
[EventCountry "POL"]
[SourceTitle "playchess.com"]
[Source "ChessBase"]
[SourceQuality "1"]
[TimeControl "40/5400+30:1800+30"]

1. Nf3 {[%emt 0:00:00]} Nf6 {[%emt 0:02:35]} 2. g3 {[%emt 0:00:00]} b6 {[%emt 0:00:06]} 3. Bg2 {[%emt 0:00:00]} Bb7 {[%emt 0:00:07]} 4. O-O {[%emt 0:00:01]} g6 {[%emt 0:00:04]} 5. d3 {[%emt 0:01:57]} Bg7 {[%emt 0:02:04]} 6. e4 {[%emt 0:00:06]} d6 {[%emt 0:01:35]} 7. Nc3 {[%emt 0:00:34]} O-O {[%emt 0:08:35]} 8. Nh4 {[%emt 0:00:05]} Nfd7 {[%emt 0:26:47]} 9. f4 {[%emt 0:00:08]} e6 {[%emt 0:02:13]} 10. f5 {[%emt 0:02:22]} Nc6 {[%emt 0:09:00]} 11. Be3 {[%emt 0:09:47]} Nd4 {[%emt 0:05:06]} 12. Qd2 {[%emt 0:06:23]} exf5 {[%emt 0:01:35]} 13. exf5 {[%emt 0:00:52]} Bxg2 {[%emt 0:00:08]} 14. Qxg2 {[%emt 0:04:29]} c6 {[%emt 0:04:28]} 15. Ne4 {[%emt 0:01:08]} d5 {[%emt 0:00:50]} 16. f6 {[%emt 0:00:16]} Nxf6 {[%emt 0:00:39]} 17. Nxf6+ {[%emt 0:07:03]} Bxf6 {[%emt 0:00:50]} 18. Qf2 {[%emt 0:00:05]} Bxh4 {[%emt 0:04:22]} 19. Bxd4 {[%emt 0:00:07]} Bg5 {[%emt 0:03:32]} 20. h4 {[%emt 0:01:11]} Be7 {[%emt 0:05:14]} 21. Rae1 {[%emt 0:00:24]} c5 {[%emt 0:03:30]} 22. Be3 {[%emt 0:03:33]} f5 {[%emt 0:00:56]} 23. Bh6 {[%emt 0:01:06]} Bf6 {[%emt 0:00:44]} 24. Qf3 {[%emt 0:02:46]} Rf7 {[%emt 0:02:19]} 25. Re6 {[%emt 0:00:33]} Qd7 {[%emt 0:02:54]} 26. Rfe1 {[%emt 0:00:07]} Rd8 {[%emt 0:00:17]} 27. Qe2 {[%emt 0:08:52]} Bg7 {[%emt 0:03:33]} 28. Bg5 {[%emt 0:00:23]} Rdf8 {[%emt 0:02:36]} 29. c3 {[%emt 0:00:38]} Bf6 {[%emt 0:03:22]} 30. Bh6 {[%emt 0:00:10]} Bg7 {[%emt 0:00:04]} 31. Bf4 {[%emt 0:00:49]} Bf6 {[%emt 0:03:22]} 32. Rd6 {[%emt 0:12:01]} Qb7 {[%emt 0:01:26]} 33. Bh6 {[%emt 0:01:02]} Re7 {[%emt 0:01:32]} 34. Rxf6 {[%emt 0:00:18]} Rfe8 {[%emt 0:00:31]} 35. Qxe7 {[%emt 0:00:17]} 1-0

[Event "XVII MetLife Najdorf Open 2017"]
[Site "Warsaw"]
[Date "2017.07.16"]
[Round "8"]
[White "Selbes, Tarik"]
[Black "Spitzl, Vinzent"]
[Result "1-0"]
[WhiteElo "2260"]
[BlackElo "2348"]
[Annotator "NA"]
[PlyCount "49"]
[EventDate "2017.??.??"]
[EventType "swiss"]
[EventCountry "POL"]
[SourceTitle "playchess.com"]
[Source "ChessBase"]
[SourceQuality "1"]
[TimeControl "40/5400+30:1800+30"]

1. e4 {[%emt 0:05:51]} e5 {[%emt 0:00:07]} 2. Nf3 {[%emt 0:00:23]} Nc6 {[%emt 0:00:06]} 3. Bb5 {[%emt 0:00:38]} a6 {[%emt 0:00:10]} 4. Ba4 {[%emt 0:00:07]} Nge7 {[%emt 0:00:07]} 5. O-O {[%emt 0:00:45]} g6 {[%emt 0:00:50]} 6. c3 {[%emt 0:00:05]} Bg7 {[%emt 0:00:39]} 7. d4 {[%emt 0:00:08]} exd4 {[%emt 0:00:17]} 8. cxd4 {[%emt 0:00:05]} b5 {[%emt 0:00:43]} 9. Bb3 {[%emt 0:00:36]} O-O {[%emt 0:02:01]} 10. d5 {[%emt 0:00:56]} Na5 {[%emt 0:00:35]} 11. Bd2 {[%emt 0:00:19]} Nxb3 {[%emt 0:08:09]} 12. Qxb3 {[%emt 0:00:10]} c5 {[%emt 0:01:19]} 13. Bc3 {[%emt 0:00:18]} d6 {[%emt 0:00:33]} 14. Bxg7 {[%emt 0:03:00]} Kxg7 {[%emt 0:00:02]} 15. Qc3+ {[%emt 0:00:15]} Kg8 {[%emt 0:04:35]} 16. Qf6 {[%emt 0:09:06]} Bg4 {[%emt 0:02:21]} 17. Nbd2 {[%emt 0:00:32]} Nc8 {[%emt 0:01:52]} 18. Qf4 {[%emt 0:00:28]} Bxf3 {[%emt 0:11:52]} 19. Nxf3 {[%emt 0:00:07]} f5 {[%emt 0:05:02]} 20. Qh6 {[%emt 0:08:33]} fxe4 {[%emt 0:04:58]} 21. Ng5 {[%emt 0:00:15]} Qd7 {[%emt 0:00:49]} 22. Rae1 {[%emt 0:00:54]} Nb6 {[%emt 0:03:43]} 23. Rxe4 {[%emt 0:00:47]} Nxd5 {[%emt 0:00:54]} 24. Rfe1 {[%emt 0:00:13]} Nf6 {[%emt 0:01:19]} 25. Re7 {[%emt 0:00:37]} 1-0

[Event "XVII MetLife Najdorf Open 2017"]
[Site "Warsaw"]
[Date "2017.07.16"]
[Round "8"]
[White "Reza, Wojciech"]
[Black "Antolak, Julia"]
[Result "1/2-1/2"]
[WhiteElo "2258"]
[BlackElo "2144"]
[Annotator "NA"]
[PlyCount "60"]
[EventDate "2017.??.??"]
[EventType "swiss"]
[EventCountry "POL"]
[SourceTitle "playchess.com"]
[Source "ChessBase"]
[SourceQuality "1"]
[TimeControl "40/5400+30:1800+30"]

1. e4 {[%emt 0:00:00]} c5 {[%emt 0:00:26]} 2. Nf3 {[%emt 0:00:00]} Nc6 {[%emt 0:00:04]} 3. Bb5 {[%emt 0:00:00]} d6 {[%emt 0:00:04]} 4. O-O {[%emt 0:00:25]} Bd7 {[%emt 0:01:25]} 5. Re1 {[%emt 0:00:07]} Nf6 {[%emt 0:00:04]} 6. c3 {[%emt 0:06:19]} a6 {[%emt 0:00:12]} 7. Bf1 {[%emt 0:00:11]} Bg4 {[%emt 0:01:15]} 8. d3 {[%emt 0:02:11]} e6 {[%emt 0:01:09]} 9. Nbd2 {[%emt 0:00:10]} Be7 {[%emt 0:00:53]} 10. h3 {[%emt 0:00:09]} Bh5 {[%emt 0:00:55]} 11. a3 {[%emt 0:06:32]} O-O {[%emt 0:02:30]} 12. g4 {[%emt 0:04:06]} Bg6 {[%emt 0:00:18]} 13. Bg2 {[%emt 0:04:27]} Rc8 {[%emt 0:10:01]} 14. Nh4 {[%emt 0:03:59]} Nd7 {[%emt 0:04:33]} 15. Nxg6 {[%emt 0:00:21]} hxg6 {[%emt 0:00:06]} 16. f4 {[%emt 0:01:08]} g5 {[%emt 0:04:34]} 17. Nf3 {[%emt 0:01:26]} gxf4 {[%emt 0:00:29]} 18. Bxf4 {[%emt 0:00:08]} Nde5 {[%emt 0:00:32]} 19. Qd2 {[%emt 0:03:53]} c4 {[%emt 0:06:35]} 20. d4 {[%emt 0:09:41]} Nd3 {[%emt 0:01:10]} 21. Re2 {[%emt 0:00:06]} Na5 {[%emt 0:07:11]} 22. Rd1 {[%emt 0:03:47]} Nb3 {[%emt 0:14:57]} 23. Qe3 {[%emt 0:00:07]} e5 {[%emt 0:07:12]} 24. dxe5 {[%emt 0:15:52]} Nxf4 {[%emt 0:07:11]} 25. Qxf4 {[%emt 0:00:17]} dxe5 {[%emt 0:00:02]} 26. Rxd8 {[%emt 0:00:54]} exf4 {[%emt 0:00:16]} 27. Rd5 {[%emt 0:02:44]} Bc5+ {[%emt 0:02:10]} 28. Kf1 {[%emt 0:01:03]} Be3 {[%emt 0:01:30]} 29. Ne5 {[%emt 0:07:43]} Rfe8 {[%emt 0:05:44]} 30. g5 {[%emt 0:01:47]} b5 {[%emt 0:11:48]} 1/2-1/2

[Event "XVII MetLife Najdorf Open 2017"]
[Site "Warsaw"]
[Date "2017.07.16"]
[Round "8"]
[White "Kiolbasa, Oliwia"]
[Black "Ghadiri, Radmehr"]
[Result "1-0"]
[WhiteElo "2253"]
[BlackElo "2125"]
[Annotator "NA"]
[PlyCount "49"]
[EventDate "2017.??.??"]
[EventType "swiss"]
[EventCountry "POL"]
[SourceTitle "playchess.com"]
[Source "ChessBase"]
[SourceQuality "1"]
[TimeControl "40/5400+30:1800+30"]

1. e4 {[%emt 0:00:27]} e6 {[%emt 0:00:04]} 2. d4 {[%emt 0:00:12]} d5 {[%emt 0:00:05]} 3. Nc3 {[%emt 0:00:12]} Bb4 {[%emt 0:00:06]} 4. e5 {[%emt 0:01:26]} b6 {[%emt 0:00:09]} 5. Nf3 {[%emt 0:15:27]} c5 {[%emt 0:20:15]} 6. a3 {[%emt 0:03:48]} Ba5 {[%emt 0:09:14]} 7. b4 {[%emt 0:08:16]} cxb4 {[%emt 0:01:16]} 8. Nb5 {[%emt 0:00:07]} bxa3+ {[%emt 0:04:03]} 9. c3 {[%emt 0:01:36]} Ne7 {[%emt 0:09:09]} 10. Nd6+ {[%emt 0:12:52]} Kf8 {[%emt 0:00:09]} 11. Rxa3 {[%emt 0:00:13]} Nf5 {[%emt 0:05:54]} 12. Nxf5 {[%emt 0:02:21]} exf5 {[%emt 0:02:38]} 13. Bd3 {[%emt 0:00:06]} h6 {[%emt 0:03:29]} 14. Qc2 {[%emt 0:06:19]} g6 {[%emt 0:01:30]} 15. h4 {[%emt 0:00:05]} Ba6 {[%emt 0:09:48]} 16. h5 {[%emt 0:03:50]} Kg7 {[%emt 0:01:00]} 17. Kf1 {[%emt 0:03:36]} Qc8 {[%emt 0:04:18]} 18. hxg6 {[%emt 0:02:58]} fxg6 19. Bxa6 Nxa6 20. Qd2 Nc7 21. Rxh6 Ne6 22. Nh4 Nxd4 23. Rxg6+ Kf7 24. Qxd4 Rxh4 25. Rf6+ 1-0